LEADER 01542nam a2200289 4500 001 000000353903 003 CaOOAMICUS 005 20230803102858.0 008 230522s2018 it 000 u ita r 020 $a978-88-17-10189-9 040 $aSeMil$bita 100 1 $aConsolmagno, Guy,$d<1952- >.$0(OLS)http://semarc/name/117629 240 10$aWould you baptize an extraterrestrial?.$0(OLS)http://semarc/title/444047 245 10$aBattezzeresti un extraterrestre? :$b... e altre domande tra scienza e fede poste all'Osservatorio astronomico vaticano /$cGuy Consolmagno, Paul Mueller ; traduzione di Daniela Marina Rossi. 264 1$a[Milano] :$bRizzoli,$c2018. 300 $a365 p. ;$c22 cm 650 4$aScienza e fede.$0(OLS)http://semarc/subject/1693 650 4$aCristianesimo - Rapporti [con le] Scienze.$0(OLS)http://semarc/subject/53803 700 1 $aMueller, Paul,$d<1960- >.$0(OLS)http://semarc/name/117631 700 1 $aRossi, Daniela Marina.$0(OLS)http://semarc/name/117632 850 $aSeMil 852 $aSeMil$W1$xVenegono$y1$m3X III 69$j242758$B245112$CSeMilBibl$Z2$F245112 $81 961 $aBonazzoli don Davide - Omaggio -- Con dedica autografa (30 giugno 2018) 996 $6020$a978-88-17-10189-9$9(OLS)http://semarc/number/298234 996 $6245$aBattezzeresti un extraterrestre? :$b... e altre domande tra scienza e fede poste all'Osservatorio astronomico vaticano$9(OLS)http://semarc/title/444049 996 $6264$a[Milano] :$bRizzoli$9(OLS)http://semarc/publisher/60651 LEADER 01100nam a2200265 i 4500 001 000000200505 003 CaOOAMICUS 005 20141028000000.0 008 141028s1938 it u000 u ita u 013 $a179205 040 $aSeMil$bita 100 1 $aGuerry, Émile Maurice .$0(OLS)http://semarc/name/17063 245 10$aAndiamo al padre :$bmeditazioni /$cEmilio Guerry. 250 $a1. traduzione italiana autorizzata sulla 3. francese. 260 $aMilano :$bOpera della Regalità di N.S.G.C.,$c1938. 300 $a357 p. ;$c15 cm. 500 $aFondo card. Giovanni Colombo. 650 4$aDio - Meditazioni.$0(OLS)http://semarc/subject/8437 650 4$aDio - Padre - Meditazioni.$0(OLS)http://semarc/subject/12809 850 $aSeMil 852 $aSeMil$W1$xVenegono$y1$m3GC I 205$j151034$B151034$CSeMilBibl$Z2$F162337 $8B 941 1 $a3 961 $aLascito: Colombo Card. Giovanni 996 $6245$aAndiamo al padre :$bmeditazioni$9(OLS)http://semarc/title/289949 996 $6260$aMilano :$bOpera della Regalità di N.S.G.C.$9(OLS)http://semarc/publisher/29788